| Tag |
First Indicator |
Second Indicator |
Subfields |
| LEADER |
00000nam a22000001i 4500 |
| 001 |
in00005678621 |
| 005 |
20260202143704.6 |
| 006 |
m |o d | |
| 007 |
cr |n||||||||| |
| 008 |
250711t20252025enkab eob 001 0 eng d |
| 035 |
|
|
|a (OCoLC)1517999554
|
| 035 |
|
|
|a (OCoLC)ybp21347391
|
| 040 |
|
|
|a NhCcYBP
|b eng
|e rda
|e pn
|c NhCcYBP
|
| 020 |
|
|
|a 9781526176677 (electronic bk.)
|
| 020 |
|
|
|a 152617667X (electronic bk.)
|
| 020 |
|
|
|z 1526176661
|
| 020 |
|
|
|z 9781526176660
|
| 043 |
|
|
|a a-np---
|
| 050 |
|
4 |
|a RA644.S6
|b H49 2025
|
| 060 |
|
4 |
|a WC 588
|b H615 2025
|
| 082 |
0 |
4 |
|a 614.521095496
|2 23/eng/20250417
|
| 100 |
1 |
|
|a Heydon, Susan,
|d 1953-
|1 https://id.oclc.org/worldcat/entity/E39PCjG9YWvT47gbj9FVRvWggC
|
| 245 |
1 |
0 |
|a Implementing a global health programme :
|b smallpox and Nepal /
|c Susan Heydon.
|
| 264 |
|
1 |
|a Manchester :
|b Manchester University Press,
|c 2025.
|
| 264 |
|
4 |
|c ©2025
|
| 300 |
|
|
|a 1 online resource (xx, 297 pages) :
|b illustrations, maps.
|
| 336 |
|
|
|a text
|b txt
|2 rdacontent
|
| 337 |
|
|
|a computer
|b c
|2 rdamedia
|
| 338 |
|
|
|a online resource
|b cr
|2 rdacarrier
|
| 490 |
1 |
|
|a Social histories of medicine
|
| 504 |
|
|
|a Includes bibliographical references and index.
|
| 532 |
1 |
|
|3 JSTOR
|a "We apply WCAG and Section 508 standards to improve the user experience for everyone...The target for JSTOR is WCAG 2.2 Level AA." Source: https://about.jstor.org/accessibility/. Last accessed April 22, 2025.
|
| 588 |
|
|
|a Description based on print version record.
|
| 650 |
|
0 |
|a Smallpox
|x Vaccination
|z Nepal.
|
| 650 |
|
0 |
|a Smallpox
|z Nepal
|x Prevention.
|
| 650 |
|
0 |
|a Smallpox
|x Prevention.
|
| 650 |
|
6 |
|a Variole
|0 (CaQQLa)201-0072231
|x Vaccination
|0 (CaQQLa)201-0072231
|z Népal.
|0 (CaQQLa)201-0493135
|
| 650 |
|
6 |
|a Variole
|x Prévention.
|0 (CaQQLa)201-0295276
|
| 650 |
|
6 |
|a Variole
|0 (CaQQLa)201-0295276
|z Népal
|0 (CaQQLa)201-0493135
|x Prévention.
|0 (CaQQLa)201-0295276
|
| 710 |
2 |
|
|a JSTOR (Organization)
|p JSTOR Path To Open.
|
| 776 |
1 |
8 |
|c Original
|z 1526176661
|z 9781526176660
|w (OCoLC)1443485267
|
| 830 |
|
0 |
|a Social histories of medicine.
|
| 856 |
4 |
0 |
|u http://proxy.library.tamu.edu/login?url=https://www.jstor.org/stable/10.2307/jj.30826936
|z Connect to the full text of this electronic book
|t 0
|
| 955 |
|
|
|a JSTOR Path to Open record
|
| 999 |
f |
f |
|i df309d78-6dc1-47d8-90c2-4c7d31e2c7aa
|s 4604e38a-1347-44ae-8d79-9d59cd4d710d
|t 0
|
| 952 |
f |
f |
|a Texas A&M University
|b College Station
|c Electronic Resources
|s www_evans
|d Available Online
|t 0
|e RA644.S6 H49 2025
|h Library of Congress classification
|
| 998 |
f |
f |
|a RA644.S6 H49 2025
|t 0
|l Available Online
|